000 00736nam a2200205Ia 4500
999 _c38279
_d38279
001 4287
003 GE_BSU
005 20191009161522.0
008 181216s1977||||ge |||||||||||||| ||geo||
040 _cGE_BSU
041 _ageo
080 _a51(07)+37.01 კ–44
100 _aკვაჭაძე, თ.
_94658
245 _aპედაგოგიური წრთობის გზაზე /
_cრედ. ს. დადუნაშვილი.
264 _aბათუმი :
_bსაბჭოთა აჭარა,
_c1977.
300 _a172 გვ.;
_b22 სმ.
653 _aპედაგოგიკა
700 _aდადუნაშვილი, ს.
_eრედაქტორი
_94659
942 _cBK
_2udc